000 01037nas a2200337 4500
001 BR2015003929
003 BR-BrBNA
005 20231205125536.0
007 ta
008 230509b bl.|||p| |||| 00| 00por d
040 _aBR-BrBNA
_bpor
_cBiblioteca Nacional de Agricultura
041 _a(En)
072 _aN10
100 1 _aMenegali, I.
100 1 _aTinôco, I.F.F.
100 1 _aZolnier, S.
100 1 _aCarvalho, C. da C.S.
100 1 _aGuimarães, M.C. de C.
245 1 _aInfluence of different systems of minimum ventilation on air quality in broiler houses
650 _aAVICULTURA
650 _aINSTALACAO PARA ANIMAL
650 _aPINTO DE CORTE
650 _aCONTROLE AMBIENTAL
650 _aVENTILACAO
650 _aRESPIRACAO
650 _aVETERINARIA
773 0 _tEngenharia Agrícola (Brazil)
_xISSN 1809-4430
_g(Nov-Dec 2012), v. 32(6) p. 1025-1033
_wBR2015003929
856 4 0 _uhttp://www.scielo.br/pdf/eagri/v32n6/03.pdf
909 _a202311
_bLúcia
_c55
_dLúcia Elande
942 _2AGRIS
_n0
_cANA
999 _c244844
_d244844